000 00581nam a2200229Ia 4500
003 OSt
005 20220918182648.0
006 a|||||r|||| 00| 0
007 ta
008 220917b |||||||| |||| 00| 0 eng d
024 _a33,661
037 _cTextual
040 _aARTS
_cARTS
_beng
041 _2eng
_aeng
082 _aO:2:90S62, G5
100 _aWelsford Enid
_960841
245 0 _aFool
_b Social and literary history
260 _c1935
650 _aENGLISH LITERATURE
942 _hO:2:90S62, G5
_cTEXL
_2CC
999 _c169853
_d169853